000 01341cam a2200373 4500
999 _c24139
_d24139
001 vtls012230738
005 20260218100407.0
008 230529s2022 xo g 010 f slo
020 _a9788022213707
_q(viazané)
040 _aSNK
_bslo
_cSNK
_erda
041 1 _aslo
_heng
044 _axo
_cSK
072 7 _a821.111-3
_xAnglická próza, anglicky písaná
_2konspekt
080 _a821.111(415)-31
_22011
080 _a821-311.6
_22011
100 1 _aO'Farrell, Maggie,
_d1972-
_4aut
_95412
240 1 4 _aThe Marriage Portrait
_lSlovensky
245 1 0 _aManželský portrét
_cMaggie O'Farrellová ; z anglického originálu The Marriage Portrait ... preložil Otakar Kořínek
250 _aVydanie I.
264 1 _aBratislava
_bTatran
_c2022
300 _a299 strán
_c24 cm
336 _atext
_btxt
_2rdacontent
337 _abez média
_bn
_2rdamedia
338 _azväzok
_bnc
_2rdacarrier
500 _aObsahuje stručné profesijné údaje o autorke na záložke prebalu publikácie
655 7 _aírske romány (anglicky)
_2SNKPH
_92550
655 7 _ahistorické romány
_2SNKPH
_91688
655 7 _aIrish fiction (English)
_2SNKPHeng
_92551
655 7 _aHistorical novels
_2SNKPHeng
_91689
700 1 _aKořínek, Otakar,
_d1946-2025
_4trl
_95413
958 _aLX
958 _aUP